|
|
|
|
| LEADER |
00000nam a22000004a 4500 |
| 001 |
AR-BbUGT5184 |
| 003 |
AR-BbUGT |
| 005 |
20181220001953.0 |
| 007 |
ta |
| 008 |
160406t2015 ag ab |0|||0|spa d |
| 020 |
|
|
|a 978-987-1791-25-7
|
| 040 |
|
|
|a AR-BbUGT
|b spa
|c AR-BbUGT
|
| 082 |
0 |
4 |
|a 307.1
|
| 110 |
1 |
|
|a Argentina.
|b Ministerio de Planificación Federal, Inversión Pública y Servicios.
|b Subsecretaría de Planificación Territorial de la Inversión Pública
|
| 245 |
1 |
0 |
|a Puna Jujeña:
|b plan estratégico territorial. Provincia de Jujuy /
|c [Ministerio de Planificación Federal, Inversión Pública y Servicios].
|
| 260 |
|
|
|a Buenos Aires :
|b Ministerio de Planificación Federal, Inversión Pública y Servicios,
|c 2015.
|
| 300 |
|
|
|a 83 p. :
|b il., mapas col. ;
|c 30 cm.
|
| 505 |
0 |
|
|a Capítulo I: Políticas públicas convergentes en la Puna Jujeña -- Capítulo II: PET Puna Jujeña. Primera etapa. Caracterización de la región. Núcleos urbanos. Modelo actual del territorio Puneño. Programas y Proyectos -- Capítulo III: Proceso participativo -- Capítulo IV: PET Puna Jujeña. Segunda etapa. Infraestructura de movilidad. Infraestructura de conectividad digital. Sistema educativo. Facilitación administrativa
|
| 653 |
|
|
|a Plan estratégico territorial
|
| 653 |
|
|
|a Planeamiento territorial
|
| 653 |
|
|
|a Ordenamiento del territorio
|
| 653 |
|
|
|a Ordenación del territorio
|
| 653 |
|
|
|a Planificación territorial
|
| 653 |
|
|
|a Puna Jujeña
|
| 653 |
|
|
|a Jujuy (provincia)
|
| 942 |
|
|
|c BK
|h 307.1
|i AR691-2
|2 ddc
|6 307_100000000000000_AR6912
|
| 999 |
|
|
|c 12362
|d 12362
|